[Event "Aragon-chT Honor Gr I"]
[Site "Aragon"]
[Date "2023.03.04"]
[Round "6.24"]
[White "Pellicer Cerezuela, Miguel"]
[Black "Llanes Luno, Ricardo"]
[Result "1/2-1/2"]
[WhiteElo "2043"]
[BlackElo "2164"]
[PlyCount "105"]
[EventDate "2023.01.28"]
[EventType "team-tourn"]
[EventRounds "7"]
[EventCountry "ESP"]
[SourceTitle "EXT 2024"]
[Source "ChessBase"]
[SourceDate "2023.10.10"]
[SourceVersion "1"]
[SourceVersionDate "2023.10.10"]
[SourceQuality "1"]
[WhiteTeam "La Aurora Estadilla"]
[BlackTeam "Delicias"]
[WhiteTeamCountry "ESP"]
[BlackTeamCountry "ESP"]

1. d4 d5 2. c4 e6 3. Nc3 Nf6 4. cxd5 exd5 5. Bg5 Be7 6. e3 0-0 7. Bd3 Nbd7 8. Nf3 c5 9. 0-0 h6 10. Bh4 a6 11. Rc1 c4 12. Bb1 Re8 13. Ne5 Nxe5 14. dxe5 Ng4 15. Bg3 Bh4 16. Qxd5 Bxg3 17. hxg3 Be6 18. Qe4 Qg5 19. Rfd1 Qxe5 20. Qxe5 Nxe5 21. f4 Nd3 22. Bxd3 cxd3 23. Rxd3 b5 24. e4 Rad8 25. Nd5 Kf8 26. Kf2 f5 27. Rdc3 Bxd5 28. exd5 Rxd5 29. R1c2 Red8 30. Ke2 Re8+ 31. Re3 Rxe3+ 32. Kxe3 Ke7 33. Rc7+ Rd7 34. Rc5 Ke6 35. Re5+ Kf6 36. Rc5 Ke6 37. Rc8 Rd6 38. Rg8 Kf7 39. Ra8 Ke6 40. Ra7 g6 41. Rh7 h5 42. Rg7 Kd5 43. Kd3 Kc5+ 44. Kc3 b4+ 45. Kc2 Re6 46. Rc7+ Kb5 47. Kd3 Rd6+ 48. Kc2 Kb6 49. Re7 Kc5 50. Rc7+ Kb5 51. Rb7+ Kc5 52. Rc7+ Kb5 53. Rb7+ 1/2-1/2

[Event "Aragon-chT Preferente Ascenso"]
[Site "Zaragoza"]
[Date "2020.09.26"]
[Round "10.13"]
[White "Llanes Luno, Ricardo"]
[Black "Hinojar Basa, Alfonso"]
[Result "0-1"]
[WhiteElo "2208"]
[BlackElo "2172"]
[PlyCount "80"]
[EventDate "2020.09.26"]
[EventType "team-match"]
[EventRounds "10"]
[EventCountry "ESP"]
[SourceTitle "EXT 2024"]
[Source "ChessBase"]
[SourceDate "2023.10.10"]
[SourceVersion "1"]
[SourceVersionDate "2023.10.10"]
[SourceQuality "1"]
[WhiteTeam "Delicias"]
[BlackTeam "Marcos Frechin"]
[WhiteTeamCountry "ESP"]
[BlackTeamCountry "ESP"]

1. e4 c5 2. Nf3 e6 3. d4 cxd4 4. Nxd4 Nc6 5. Nc3 Qc7 6. Be3 a6 7. Qd2 Nf6 8. f3 Be7 9. g4 b5 10. g5 Nh5 11. 0-0-0 Nxd4 12. Bxd4 Bb7 13. Ne2 Rc8 14. h4 0-0 15. Bh3 f5 16. gxf6 Bxf6 17. Bxf6 Rxf6 18. Bg4 Nf4 19. Nxf4 Rxf4 20. Rhe1 Bc6 21. Qd6 Qxd6 22. Rxd6 Kf7 23. Kd2 Ke7 24. Rd3 g6 25. Ke3 Rcf8 26. h5 gxh5 27. Bxh5 Rh4 28. Bg4 h5 29. Bxh5 Rxh5 30. Re2 d5 31. Kd2 dxe4 32. fxe4 Re5 33. Rd4 Rf4 34. Kd3 Rh5 35. e5 Rh3+ 36. Re3 Rxe3+ 37. Kxe3 Rf5 38. c4 Rxe5+ 39. Kd2 Re4 40. Rxe4 Bxe4 0-1

[Event "Aragon-chT Preferente Gr-II"]
[Site "Aragon"]
[Date "2020.02.22"]
[Round "5.65"]
[White "Carruez Berges, Santiago"]
[Black "Llanes Luno, Ricardo"]
[Result "1/2-1/2"]
[WhiteElo "1995"]
[BlackElo "2236"]
[PlyCount "81"]
[EventDate "2020.01.25"]
[EventType "team-tourn"]
[EventRounds "9"]
[EventCountry "ESP"]
[SourceTitle "EXT 2022"]
[Source "ChessBase"]
[SourceDate "2021.10.06"]
[SourceVersion "1"]
[SourceVersionDate "2021.10.06"]
[SourceQuality "1"]
[WhiteTeam "Agrupacion III"]
[BlackTeam "Delicias"]
[WhiteTeamCountry "ESP"]
[BlackTeamCountry "ESP"]

1. e4 c5 2. Nf3 e6 3. d4 cxd4 4. c3 d5 5. exd5 Qxd5 6. cxd4 Nc6 7. Nc3 Bb4 8. Bd3 Nf6 9. 0-0 Bxc3 10. bxc3 0-0 11. Bg5 b6 12. Rb1 Bb7 13. Bxf6 gxf6 14. Rb5 Qd8 15. Rh5 f5 16. Ng5 h6 17. Qd2 Qf6 18. Nh3 Kg7 19. Nf4 Kh7 20. Re1 Rg8 21. Qe3 Rg5 22. d5 Nd8 23. dxe6 Nxe6 24. Rxg5 Qxg5 25. g3 Nxf4 26. Qxf4 Qxf4 27. gxf4 Rg8+ 28. Kf1 Bg2+ 29. Ke2 Be4 30. Bxe4 fxe4 31. Rd1 Rc8 32. Rd7 Kg7 33. Rxa7 Rxc3 34. Ra6 f5 35. Rxb6 Rc2+ 36. Ke3 Rxa2 37. h4 Ra3+ 38. Kd4 Ra4+ 39. Kd5 Ra5+ 40. Kd4 Ra4+ 41. Kd5 1/2-1/2

[Event "Aragon-chT Preferente Gr-II"]
[Site "Aragon"]
[Date "2020.02.01"]
[Round "2.64"]
[White "Llanes Luno, Ricardo"]
[Black "Cebrian Valverde, Jose Antonio"]
[Result "1-0"]
[WhiteElo "2236"]
[BlackElo "2101"]
[PlyCount "85"]
[EventDate "2020.01.25"]
[EventType "team-tourn"]
[EventRounds "9"]
[EventCountry "ESP"]
[SourceTitle "EXT 2022"]
[Source "ChessBase"]
[SourceDate "2021.10.06"]
[SourceVersion "1"]
[SourceVersionDate "2021.10.06"]
[SourceQuality "1"]
[WhiteTeam "Delicias"]
[BlackTeam "San Jose"]
[WhiteTeamCountry "ESP"]
[BlackTeamCountry "ESP"]

1. e4 e6 2. f4 d5 3. e5 Nh6 4. Nf3 Nf5 5. c3 c5 6. Na3 Nc6 7. Nc2 Bd7 8. d4 Rc8 9. Bd3 g6 10. 0-0 h5 11. Bxf5 gxf5 12. Be3 b6 13. Qe2 Na5 14. b3 Qc7 15. Ng5 Qb7 16. Rf3 a6 17. Rh3 Bb5 18. Qd1 cxd4 19. Bxd4 Nc6 20. Rxh5 Rxh5 21. Qxh5 Bd3 22. Ne1 Nxd4 23. cxd4 Be4 24. Nxe6 Rc6 25. Ng5 Rh6 26. Qe2 Qc8 27. Qd1 Ba3 28. Nxe4 fxe4 29. Nc2 Bb2 30. Rb1 Qc3 31. Qe2 Rc6 32. Ne3 Bc1 33. Nf5 Bxf4 34. Rf1 Qd2 35. Qxa6 Be3+ 36. Kh1 Rc1 37. Qa8+ Kd7 38. Qxd5+ Kc7 39. Qxf7+ Kb8 40. Nd6 Rxf1+ 41. Qxf1 Bxd4 42. Qf8+ Ka7 43. Qf7+ 1-0

[Event "Aragon-chT Honor Gr-B"]
[Site "Aragon"]
[Date "2019.02.23"]
[Round "5.29"]
[White "Romero Pallares, Daniel"]
[Black "Llanes Luno, Ricardo"]
[Result "1-0"]
[WhiteElo "2190"]
[BlackElo "2201"]
[PlyCount "67"]
[EventDate "2019.01.26"]
[EventType "team-tourn"]
[EventRounds "7"]
[EventCountry "ESP"]
[SourceTitle "EXT 2020"]
[Source "ChessBase"]
[SourceDate "2019.10.17"]
[SourceVersion "1"]
[SourceVersionDate "2019.10.17"]
[SourceQuality "1"]
[WhiteTeam "Palacio de Pioneros"]
[BlackTeam "Delicias"]
[WhiteTeamCountry "ESP"]
[BlackTeamCountry "ESP"]

1. Nf3 Nf6 2. c4 c6 3. d4 d5 4. e3 Bf5 5. Nc3 e6 6. Nh4 Bg6 7. Be2 Nbd7 8. 0-0 Ne4 9. g3 Be7 10. Nxg6 hxg6 11. Bd3 Nxc3 12. bxc3 dxc4 13. Bxc4 Qa5 14. Bd2 Qf5 15. f3 0-0-0 16. Rf2 Bd6 17. Be2 g5 18. Rb1 Rh6 19. e4 Qh7 20. e5 Rh8 21. h4 gxh4 22. g4 Bc7 23. Qb3 Bb6 24. a4 a5 25. c4 Bxd4 26. Qxb7+ Kd8 27. Bxa5+ Ke7 28. Rd1 Rb8 29. Qxc6 Bxf2+ 30. Kxf2 Kf8 31. Qxd7 Qc2 32. Qd6+ Kg8 33. Qxb8+ Kh7 34. Qb1 1-0

[Event "Aragon-chT Honor Gr I"]
[Site "Aragon"]
[Date "2018.02.03"]
[Round "2.26"]
[White "Villuendas Valero, Adrian"]
[Black "Llanes Luno, Ricardo"]
[Result "1/2-1/2"]
[WhiteElo "2291"]
[BlackElo "2179"]
[PlyCount "83"]
[EventDate "2018.01.27"]
[EventType "team-tourn"]
[EventRounds "7"]
[EventCountry "ESP"]
[SourceTitle "EXT 2019"]
[Source "ChessBase"]
[SourceDate "2018.10.10"]
[SourceVersion "1"]
[SourceVersionDate "2018.10.10"]
[SourceQuality "1"]
[WhiteTeam "El Olivar"]
[BlackTeam "Delicias"]
[WhiteTeamCountry "ESP"]
[BlackTeamCountry "ESP"]

1. d4 Nf6 2. Bg5 e6 3. e4 h6 4. Bxf6 Qxf6 5. c3 c5 6. Nf3 Nc6 7. e5 Qd8 8. d5 exd5 9. Qxd5 d6 10. Bb5 Qb6 11. Na3 Be6 12. Qe4 d5 13. Qe2 a6 14. Ba4 Qa5 15. Bxc6+ bxc6 16. 0-0 Be7 17. c4 Rb8 18. Ne1 g6 19. f4 h5 20. Rf2 Rb7 21. Qd2 Qxd2 22. Rxd2 g5 23. Rf2 gxf4 24. Nd3 f3 25. Rxf3 dxc4 26. Nf4 Bd5 27. Rc3 Bg5 28. Nxc4 Bxc4 29. Rxc4 Bxf4 30. Rxf4 Rxb2 31. Rf2 Rxf2 32. Kxf2 Kd7 33. Rd1+ Kc7 34. Ke3 Re8 35. Kf4 Rb8 36. Rd2 Rb4+ 37. Kf5 Rd4 38. Rc2 c4 39. g3 Kb6 40. Kf6 Re4 41. Kf5 Rd4 42. Kf6 1/2-1/2

[Event "Aragon-chT Honor Gr I"]
[Site "Aragon"]
[Date "2018.01.27"]
[Round "1.2"]
[White "Llanes Luno, Ricardo"]
[Black "Ramiro Ovejero, Juan Luis"]
[Result "1/2-1/2"]
[WhiteElo "2179"]
[BlackElo "2384"]
[PlyCount "104"]
[EventDate "2018.01.27"]
[EventType "team-tourn"]
[EventRounds "7"]
[EventCountry "ESP"]
[SourceTitle "EXT 2019"]
[Source "ChessBase"]
[SourceDate "2018.10.10"]
[SourceVersion "1"]
[SourceVersionDate "2018.10.10"]
[SourceQuality "1"]
[WhiteTeam "Delicias"]
[BlackTeam "Jaime Casas"]
[WhiteTeamCountry "ESP"]
[BlackTeamCountry "ESP"]

1. e4 c5 2. Nf3 e6 3. d4 cxd4 4. Nxd4 a6 5. Bd3 g6 6. 0-0 Bg7 7. Be3 Nf6 8. c4 d6 9. Nc3 0-0 10. Rc1 Nbd7 11. Be2 d5 12. cxd5 exd5 13. exd5 Nb6 14. d6 Nfd5 15. Ne4 Nxe3 16. fxe3 Qe8 17. Bf3 Nd7 18. Qb3 Ne5 19. Nc5 Nxf3+ 20. Nxf3 b6 21. Qxb6 Qxe3+ 22. Kh1 Bg4 23. Rce1 Qf4 24. Ne5 Qg5 25. Nxg4 Qxg4 26. h3 Qg3 27. Ne4 Qh4 28. Qc7 Rae8 29. d7 Rd8 30. Nc5 Qc4 31. Rc1 Qb5 32. a4 Qxb2 33. Nb7 Be5 34. Qc6 Bb8 35. Nxd8 Qe5 36. g3 Rxd8 37. Rce1 Qxg3 38. Re8+ Kg7 39. Qg2 Rxd7 40. Qxg3 Bxg3 41. Ra8 Rd6 42. Ra7 h5 43. Raxf7+ Kh6 44. R7f6 Rd2 45. Rxa6 Kg5 46. Rb1 Kh4 47. Rxg6 Kxh3 48. a5 Ra2 49. a6 h4 50. Kg1 Rg2+ 51. Kf1 Rf2+ 52. Kg1 Ra2 1/2-1/2

[Event "Aragon-chT Honor Descenso"]
[Site "Aragon"]
[Date "2017.03.25"]
[Round "9.21"]
[White "Nicolas Zapata, Irene"]
[Black "Llanes Luno, Ricardo"]
[Result "1-0"]
[WhiteElo "2252"]
[BlackElo "2156"]
[PlyCount "97"]
[EventDate "2017.02.25"]
[EventType "team-tourn"]
[EventRounds "10"]
[EventCountry "ESP"]
[SourceTitle "EXT 2018"]
[Source "ChessBase"]
[SourceDate "2017.10.13"]
[SourceVersion "1"]
[SourceVersionDate "2017.10.13"]
[SourceQuality "1"]
[WhiteTeam "Teruel"]
[BlackTeam "Delicias"]
[WhiteTeamCountry "ESP"]
[BlackTeamCountry "ESP"]

1. Nf3 d5 2. c4 c6 3. b3 Nf6 4. Bb2 Bf5 5. g3 e6 6. Bg2 Bd6 7. 0-0 Nbd7 8. d3 0-0 9. Nbd2 e5 10. Re1 Bg6 11. e4 dxe4 12. dxe4 Qe7 13. Qc2 Rad8 14. Bc3 Rfe8 15. Nh4 Bc5 16. h3 Nh5 17. Nf1 Qf6 18. Ne3 Nf8 19. Ng4 Qd6 20. Rad1 Bd4 21. Nf3 c5 22. Kh2 Nf6 23. Ngxe5 Nxe4 24. Bxd4 cxd4 25. Rxd4 Nc5 26. Rxd6 Bxc2 27. Nxf7 Rxd6 28. Nxd6 Rd8 29. Nb5 Bg6 30. Ne5 a6 31. Nc3 Rd2 32. Bd5+ Kh8 33. Kg2 Nd3 34. Nxd3 Rxd3 35. Ne4 b5 36. Nc5 Rd2 37. Nxa6 bxc4 38. bxc4 Rxa2 39. Nb4 Rb2 40. Nc6 h6 41. Ne5 Be8 42. Re3 g5 43. Ng4 Bg6 44. Nxh6 Kh7 45. Ng4 Bb1 46. Re7+ Kg6 47. c5 Rb5 48. Bf7+ Kf5 49. Re5# 1-0

[Event "Aragon-chT Honor GrA"]
[Site "Aragon"]
[Date "2016.02.13"]
[Round "3.5"]
[White "Llanes Luno, Ricardo"]
[Black "Glavina, Pablo"]
[Result "0-1"]
[WhiteElo "2170"]
[BlackElo "2382"]
[PlyCount "70"]
[EventDate "2016.01.30"]
[EventType "team-tourn"]
[EventRounds "7"]
[EventCountry "ESP"]
[SourceTitle "EXT 2018"]
[Source "ChessBase"]
[SourceDate "2017.10.13"]
[SourceVersion "1"]
[SourceVersionDate "2017.10.13"]
[SourceQuality "1"]
[WhiteTeam "Delicias"]
[BlackTeam "St Casablanca"]
[WhiteTeamCountry "ESP"]
[BlackTeamCountry "ESP"]

1. e4 e5 2. d4 exd4 3. Qxd4 Nc6 4. Qe3 Nf6 5. Nc3 g6 6. Be2 d6 7. h4 h5 8. Bd2 Bg7 9. Nd5 0-0 10. Bc3 Re8 11. 0-0-0 Nxd5 12. Rxd5 Bxc3 13. Qxc3 Rxe4 14. Rg5 Rxh4 15. Qg3 Qxg5+ 16. Qxg5 Rxh1 17. Kd2 Rxg1 18. Bxh5 Bf5 19. Kc3 Re8 20. Bf3 Re5 21. Bxc6 Rc5+ 22. Kb4 Rxc6 23. c4 a5+ 24. Kxa5 Rxc4 25. b3 Rc5+ 26. Kb4 Kg7 27. g3 Rc2 28. Qe3 Rxa2 29. Qc3+ Kg8 30. Qxc7 Rd1 31. Qxb7 Rd3 32. Qe7 Be6 33. Qd8+ Kg7 34. Kb5 Rxb3+ 35. Kc6 Rc2+ 0-1

[Event "Aragon-chT Honor GrA"]
[Site "Aragon"]
[Date "2015.02.14"]
[Round "4.13"]
[White "Llanes Luno, Ricardo"]
[Black "Lana Rodriguez, David"]
[Result "0-1"]
[WhiteElo "2176"]
[BlackElo "2254"]
[PlyCount "68"]
[EventDate "2015.01.24"]
[EventType "team-tourn"]
[EventRounds "7"]
[EventCountry "ESP"]
[SourceTitle "EXT 2017"]
[Source "ChessBase"]
[SourceDate "2016.10.25"]
[SourceVersion "1"]
[SourceVersionDate "2016.10.25"]
[SourceQuality "1"]
[WhiteTeam "Delicias"]
[BlackTeam "Agrupacion"]
[WhiteTeamCountry "ESP"]
[BlackTeamCountry "ESP"]

1. e4 e6 2. d4 d5 3. exd5 exd5 4. Bd3 Nc6 5. c3 Bd6 6. Ne2 Qf6 7. Be3 Nge7 8. f3 Bf5 9. Na3 Qg6 10. Bxf5 Nxf5 11. Qd3 Qxg2 12. Rf1 g6 13. 0-0-0 Bxa3 14. bxa3 Nxe3 15. Qxe3+ Kd7 16. Rf2 Qh3 17. Qg5 Qe6 18. c4 Ne7 19. Nc3 Qc6 20. Re2 Nf5 21. Re5 f6 22. Qf4 fxe5 23. dxe5 d4 24. Rxd4+ Nxd4 25. Qxd4+ Ke8 26. e6 Rf8 27. Nd5 b5 28. Qe5 Qxc4+ 29. Kb1 Rd8 30. Nxc7+ Ke7 31. Qg7+ Kd6 32. e7 Kc6 33. exf8Q Rd1+ 34. Kb2 Rd2+ 0-1

[Event "Aragon-chT Honor Titulo"]
[Site "Aragon"]
[Date "2014.03.22"]
[Round "9.1"]
[White "Llanes Luno, Ricardo"]
[Black "Forcen Esteban, Daniel"]
[Result "0-1"]
[WhiteElo "2193"]
[BlackElo "2501"]
[PlyCount "98"]
[EventDate "2014.01.25"]
[EventType "team-tourn"]
[EventRounds "11"]
[EventCountry "ESP"]
[SourceTitle "EXT 2015"]
[Source "ChessBase"]
[SourceDate "2014.11.20"]
[SourceVersion "1"]
[SourceVersionDate "2014.11.20"]
[SourceQuality "1"]
[WhiteTeam "Delicias"]
[BlackTeam "Jaime Casas"]
[WhiteTeamCountry "ESP"]
[BlackTeamCountry "ESP"]

1. e4 c5 2. Nf3 e6 3. d4 cxd4 4. Nxd4 a6 5. Nc3 Qc7 6. Bd3 Bc5 7. Nb3 Be7 8. Qe2 d6 9. f4 Nc6 10. Bd2 Nf6 11. g4 b5 12. g5 Nd7 13. h4 Bb7 14. 0-0-0 Nc5 15. Rhe1 b4 16. Nxc5 bxc3 17. Bxc3 dxc5 18. Bxg7 Qxf4+ 19. Kb1 Rg8 20. Bc3 Qxh4 21. Rh1 Qxg5 22. Rxh7 0-0-0 23. Rxf7 Qg4 24. Rf3 Nd4 25. Bxd4 Rxd4 26. b3 Kb8 27. Rdf1 Ka7 28. Qh2 Bd6 29. Qh7 Rg7 30. Qh8 Be5 31. Qf8 Rc7 32. Rf7 Kb6 33. a4 Rxd3 34. cxd3 Qe2 35. R7f2 Qxd3+ 36. Ka2 c4 37. Qb4+ Ka7 38. a5 Bd4 39. Rd2 Qxf1 40. Rxd4 cxb3+ 41. Kxb3 Qb1+ 42. Ka3 Qxb4+ 43. Kxb4 Rc1 44. Rd6 Bc8 45. Rd4 Kb7 46. Rd2 Kc7 47. Rd4 Bb7 48. e5 Bd5 49. Rg4 Kc6 0-1

[Event "Aragon-chT Honor GrB"]
[Site "Aragon"]
[Date "2014.03.08"]
[Round "7.29"]
[White "Llanes Luno, Ricardo"]
[Black "Carruez Berges, Santiago"]
[Result "1/2-1/2"]
[WhiteElo "2193"]
[BlackElo "2144"]
[PlyCount "83"]
[EventDate "2014.01.25"]
[EventType "team-tourn"]
[EventRounds "7"]
[EventCountry "ESP"]
[SourceTitle "EXT 2015"]
[Source "ChessBase"]
[SourceDate "2014.11.20"]
[SourceVersion "1"]
[SourceVersionDate "2014.11.20"]
[SourceQuality "1"]
[WhiteTeam "Delicias"]
[BlackTeam "Agrupacion"]
[WhiteTeamCountry "ESP"]
[BlackTeamCountry "ESP"]

1. e4 e6 2. d4 d5 3. Nd2 Nf6 4. e5 Nfd7 5. Ngf3 c5 6. c3 Nc6 7. Bd3 Qb6 8. Qa4 cxd4 9. cxd4 f6 10. exf6 Nxf6 11. 0-0 Bd6 12. Re1 0-0 13. Nf1 Bd7 14. Qd1 Rae8 15. Bg5 Ng4 16. Be3 g6 17. a3 Nxe3 18. fxe3 Qxb2 19. Rb1 Qxa3 20. Rxb7 Bc8 21. Rb1 Ba6 22. Rb3 Qa5 23. Qc2 Nb4 24. Rxb4 Bxd3 25. Ra4 Bxc2 26. Rxa5 Bb4 27. Rxa7 Rxf3 28. Rc1 Rxf1+ 29. Rxf1 g5 30. h3 Be4 31. Rff7 Bd2 32. Kf2 Bd3 33. Rg7+ Kh8 34. Rge7 Rf8+ 35. Rf7 Rg8 36. Rfe7 h5 37. g4 h4 38. Rf7 Bb4 39. Rf6 Rc8 40. Rxe6 Rf8+ 41. Kg1 Be1 42. Ree7 1/2-1/2

[Event "Aragon-chT Honor GrB"]
[Site "Aragon"]
[Date "2014.02.15"]
[Round "4.21"]
[White "Llanes Luno, Ricardo"]
[Black "Guzman Moneo, Alberto"]
[Result "0-1"]
[WhiteElo "2193"]
[BlackElo "2170"]
[PlyCount "78"]
[EventDate "2014.01.25"]
[EventType "team-tourn"]
[EventRounds "7"]
[EventCountry "ESP"]
[SourceTitle "EXT 2015"]
[Source "ChessBase"]
[SourceDate "2014.11.20"]
[SourceVersion "1"]
[SourceVersionDate "2014.11.20"]
[SourceQuality "1"]
[WhiteTeam "Delicias"]
[BlackTeam "Helios"]
[WhiteTeamCountry "ESP"]
[BlackTeamCountry "ESP"]

1. e4 e5 2. c3 Nf6 3. d4 Nxe4 4. Qe2 d5 5. f3 Nd6 6. dxe5 Nf5 7. Nh3 Nc6 8. g4 Nh4 9. Bf4 h5 10. Nd2 Be7 11. 0-0-0 Ng6 12. Bg3 Be6 13. gxh5 Rxh5 14. Nf2 Qd7 15. f4 Rh7 16. Nb3 Nh4 17. Qb5 a6 18. Qxb7 Ra7 19. Qxa6 Rxa6 20. Bxa6 Nb8 21. Be2 Nf5 22. Nd4 Nxd4 23. Rxd4 Bc5 24. Rhd1 Bxd4 25. Rxd4 c5 26. Rd1 Qa4 27. Bd3 g6 28. a3 Nc6 29. Bc2 Qa7 30. Nd3 Bf5 31. Nf2 Bxc2 32. Kxc2 Qa4+ 33. Kc1 Qc4 34. Ng4 Kf8 35. Nf6 Kg7 36. Rxd5 Rh8 37. Rd6 Rd8 38. Kb1 Qb5 39. c4 Qxc4 0-1

[Event "Aragon-chT Preferente A"]
[Site "Aragon"]
[Date "2013.03.09"]
[Round "7.49"]
[White "Llanes Luno, Ricardo"]
[Black "Bach Guillamon, Francisco"]
[Result "1-0"]
[WhiteElo "2187"]
[BlackElo "2009"]
[PlyCount "53"]
[EventDate "2013.01.26"]
[EventType "team"]
[EventRounds "9"]
[EventCountry "ESP"]
[SourceTitle "EXT 2014"]
[Source "ChessBase"]
[SourceDate "2013.11.20"]
[SourceVersion "1"]
[SourceVersionDate "2013.11.20"]
[SourceQuality "1"]
[WhiteTeam "Delicias CCOO"]
[BlackTeam "Ramiro III"]
[WhiteTeamCountry "ESP"]
[BlackTeamCountry "ESP"]

1. e4 c6 2. d4 d5 3. e5 Bf5 4. Be3 e6 5. Nd2 Nd7 6. Ngf3 b5 7. Be2 Be7 8. 0-0 h5 9. b3 Nh6 10. c4 bxc4 11. bxc4 Ng4 12. Qa4 Qb6 13. Rac1 f6 14. cxd5 cxd5 15. Bb5 Qd8 16. exf6 Bxf6 17. Bc6 Rb8 18. Bf4 Rb6 19. Qxa7 Rxc6 20. Rxc6 0-0 21. h3 Bd3 22. Rfc1 e5 23. Rc8 Qxc8 24. Rxc8 Rxc8 25. hxg4 Rc1+ 26. Kh2 exf4 27. Qxd7 1-0

[Event "Aragon-chT Honor GrA "]
[Site "Aragon"]
[Date "2012.03.17"]
[Round "7.5"]
[White "Llanes Luno, Ricardo"]
[Black "Cifuentes Parada, Roberto"]
[Result "0-1"]
[WhiteElo "2203"]
[BlackElo "2523"]
[PlyCount "60"]
[EventDate "2012.02.04"]
[EventType "team-tourn"]
[EventRounds "7"]
[EventCountry "ESP"]
[SourceTitle "EXT 2014"]
[Source "ChessBase"]
[SourceDate "2013.11.20"]
[SourceVersion "1"]
[SourceVersionDate "2013.11.20"]
[SourceQuality "1"]
[WhiteTeam "Delicias CCOO"]
[BlackTeam "Casino Jaque"]
[WhiteTeamCountry "ESP"]
[BlackTeamCountry "ESP"]

1. e4 c5 2. Nf3 Nc6 3. d4 cxd4 4. Nxd4 Nf6 5. Nc3 d6 6. Bg5 h6 7. Bxf6 gxf6 8. Be2 Rg8 9. g3 Bd7 10. 0-0 Rc8 11. Nxc6 bxc6 12. a4 Qa5 13. Qd2 h5 14. b4 Qxb4 15. Bxh5 Rg5 16. Rfb1 Qa5 17. Be2 Rc5 18. Ra3 f5 19. Qd4 e5 20. Qd3 d5 21. Rb7 d4 22. Nd1 Qe1+ 23. Kg2 Be6 24. Qf3 Rxc2 25. Bd3 fxe4 26. Bxe4 Bxa3 27. Bxc6+ R2xc6 28. Qxa3 Bd5+ 29. Kh3 Rh6+ 30. Kg4 Qe4+ 0-1